01372cam a2200337 a 450000100100000000500170001000800410002702000150006804000250008304100380010808200170014610000250016324000380018824501040022626000310033030000210036153400900038250400310047250000220050365000310052565000350055660000550059165000390064665000240068591000300070991000280073991000070076795201200077495201250089499900150101900000208220200929145826.0841108s1988 mx b 001 f spa d a9688881945 aDO-SdBNPbspacBNPHU17aspaheng2Código de idioma MARC a813.4bC652e1 aCoale, Samuel.9669710aIn Hawthorne's shadow.lEspañol10aEn la sombra de Hawthorne :bel romanticismo americano desde Melville Mailer /cSamuel Chase Coale. aMéxico :bPrisma,c1988. a245 p. ;c23 cm. pTítulo original:tIn Howthorne's shadow : American romance from Melville to Mailer. aBibliografía: p. 191-192 aIncluye índice. 4aNovela estadounidense9262 4aLiteratura estadounidense926310aHAWTHORNE, NATHANIEL,d1804-1864xINFLUENCIA96698 4aRomanticismozEstados Unidos96699 4aManiqueísmo96700 aJornada de catalogación aCatalogación derivada aWM 001052708MOaGRbGRcHDd2009-07-03iLF1l0o813.4 C652ep2082-10r2020-06-25w2020-06-25y2ZPréstamo interno 001053728MOaGRbGRcHDd2009-07-04iLF1l0o813.4 C652ep2082-20r2020-06-25te.2w2020-06-25y2ZPréstamo interno c1942d1942